Meeting the requirements of the CDM regulations (Record no. 115592)
[ view plain ]
| 000 -LEADER | |
|---|---|
| fixed length control field | 01686cad a2200289 4500 |
| 001 - CONTROL NUMBER | |
| control field | L158928 |
| 008 - FIXED-LENGTH DATA ELEMENTS--GENERAL INFORMATION | |
| fixed length control field | 100215n2013 000 0 eng u |
| 020 ## - INTERNATIONAL STANDARD BOOK NUMBER | |
| International Standard Book Number | 9781783210305 |
| 035 ## - SYSTEM CONTROL NUMBER | |
| System control number | (Sirsi) u158928 |
| 041 ## - LANGUAGE CODE | |
| Language code of text/sound track or separate title | eng |
| 100 1# - MAIN ENTRY--PERSONAL NAME | |
| Personal name | Spillane, John |
| 111 2# - MAIN ENTRY--MEETING NAME | |
| Meeting name or jurisdiction name as entry element | Construction and Building Research Conference |
| Location of meeting | IIT Delhi, New Delhi |
| Date of meeting or treaty signing | 10-12 September 2013 |
| 245 04 - TITLE STATEMENT | |
| Title | Meeting the requirements of the CDM regulations |
| Remainder of title | identification of critical success factors of small to medium sized contractor' compliance in the UK construction industry |
| Medium | [electronic resource] |
| 260 ## - PUBLICATION, DISTRIBUTION, ETC. | |
| Place of publication, distribution, etc. | London |
| Name of publisher, distributor, etc. | RICS |
| Date of publication, distribution, etc. | 2013 |
| 490 #0 - SERIES STATEMENT | |
| Series statement | COBRA |
| Volume/sequential designation | 2013 |
| 520 ## - SUMMARY, ETC. | |
| Summary, etc. | A paper presented at the COBRA Conference in New Delhi on 10-12 September 2013. Examines critical success factors for CDM compliance in small to medium size contractors in the UK construction industry. The practicality of the research is evident based on the significant uptake in the CDM by larger contractors, yet the research indicates that further insight and guidance is required to educate and inform those working within small to medium sized contractors in the UK. |
| 650 24 - SUBJECT ADDED ENTRY--TOPICAL TERM | |
| Topical term or geographic name entry element | CONSTRUCTION AND BUILDING RESEARCH CONFERENCE (COBRA) |
| 650 24 - SUBJECT ADDED ENTRY--TOPICAL TERM | |
| Topical term or geographic name entry element | CONSTRUCTION (DESIGN AND MANAGEMENT) REGULATIONS 2007 |
| 650 24 - SUBJECT ADDED ENTRY--TOPICAL TERM | |
| Topical term or geographic name entry element | SITE MANAGEMENT |
| 651 #4 - SUBJECT ADDED ENTRY--GEOGRAPHIC NAME | |
| Geographic name | United Kingdom |
| Chronological subdivision | |
| 690 ## - LOCAL SUBJECT ADDED ENTRY--TOPICAL TERM (OCLC, RLIN) | |
| Topical term or geographic name as entry element | Health and safety |
| 9 (RLIN) | 6244 |
| 700 1# - ADDED ENTRY--PERSONAL NAME | |
| Personal name | Noonan, Mark |
| 700 1# - ADDED ENTRY--PERSONAL NAME | |
| Personal name | Oyedele, Lukumon |
| 700 1# - ADDED ENTRY--PERSONAL NAME | |
| Personal name | Meding, Jason von |
| 856 40 - ELECTRONIC LOCATION AND ACCESS | |
| Uniform Resource Identifier | <a href="https://www.rics.org/Global/Paper%2015%20MEETING%20THE%20REQUIREMENTS%20OF%20THE%20CDM%20REGULATIONS.pdf">https://www.rics.org/Global/Paper%2015%20MEETING%20THE%20REQUIREMENTS%20OF%20THE%20CDM%20REGULATIONS.pdf</a> |
| Public note | View this item free of charge at www.rics.org |
| -- | View this item free of charge at www.rics.org |
| 942 ## - ADDED ENTRY ELEMENTS (KOHA) | |
| Suppress in OPAC | 0 |
| Withdrawn status | Lost status | Source of classification or shelving scheme | Damaged status | Not for loan | Home library | Current library | Shelving location | Date acquired | Total Checkouts | Full call number | Barcode | Date last seen | Copy number | Price effective from | Koha item type |
|---|---|---|---|---|---|---|---|---|---|---|---|---|---|---|---|
| Dewey Decimal Classification | Virtual | Virtual | Online | 08/10/2015 | ONLINE PUBLICATION | 158928-2001 | 06/08/2019 | 1 | 06/08/2019 | Book |